00401nam a2200145 a 4500008004100000050001500041100002700056245003300083246002700116260004200143300001500185350000900200650001400209650003200223120416s1938 ||||||||||||||||| || u aHC 800 Fra aFrankel, Sally Herbert10aCapital investment in Africa aits course and effects aLondonbOxford University Pressc1938 axiv, 487p. a0.00 0aECONOMICS aCAPITAL INVESTMENTS--AFRICA